<?xml version="1.0" encoding="UTF-8"?><?xml-stylesheet type="text/xsl" href="static/style.xsl"?><OAI-PMH xmlns="http://www.openarchives.org/OAI/2.0/" xmlns:xsi="http://www.w3.org/2001/XMLSchema-instance" xsi:schemaLocation="http://www.openarchives.org/OAI/2.0/ http://www.openarchives.org/OAI/2.0/OAI-PMH.xsd"><responseDate>2026-06-05T17:55:41Z</responseDate><request verb="GetRecord" identifier="oai:riuma.uma.es:10630/44981" metadataPrefix="marc">https://riuma.uma.es/rest/oai/request</request><GetRecord><record><header><identifier>oai:riuma.uma.es:10630/44981</identifier><datestamp>2026-01-29T00:45:54Z</datestamp><setSpec>com_10630_2254</setSpec><setSpec>col_10630_37956</setSpec></header><metadata><record xmlns="http://www.loc.gov/MARC21/slim" xmlns:dcterms="http://purl.org/dc/terms/" xmlns:doc="http://www.lyncode.com/xoai" xmlns:xsi="http://www.w3.org/2001/XMLSchema-instance" xsi:schemaLocation="http://www.loc.gov/MARC21/slim http://www.loc.gov/standards/marcxml/schema/MARC21slim.xsd">
   <leader>00925njm 22002777a 4500</leader>
   <datafield ind2=" " ind1=" " tag="042">
      <subfield code="a">dc</subfield>
   </datafield>
   <datafield ind2=" " ind1=" " tag="720">
      <subfield code="a">Sánchez-Romero, Carolina</subfield>
      <subfield code="e">author</subfield>
   </datafield>
   <datafield ind2=" " ind1=" " tag="260">
      <subfield code="c">2024</subfield>
   </datafield>
   <datafield ind2=" " ind1=" " tag="520">
      <subfield code="a">In vitro culture can induce somaclonal variation, giving rise to the appearance of alterations in the cultured cells and tissues, as well as in the regenerated plants and their progenies. A wide range of alterations can emerge as a consequence of somaclonal variation, which can be detected at different levels, such as phenotypic, cytogenetic, biochemical or molecular. Both nature and frequency of changes are uncontrolled due to the unpredictable nature of somaclonal variation. Thus, somaclonal variation is considered an important drawback intrinsically associated to the use of in vitro culture techniques and, in fact, it constitutes a very important problem in culture systems in which true-to-typeness is expected. Nevertheless, it can also be used as a source of genetic variability which can be exploited in plant improvement.
Comprehensive knowledge of the effect of different factors affecting somaclonal variation, such as the genotype, explant source, culture conditions, culture age or the in vitro culture method, can help to design strategies in order to reduce or promote somaclonal variation, depending on the objectives that have determined the use of in vitro culture.</subfield>
   </datafield>
   <datafield ind1="8" ind2=" " tag="024">
      <subfield code="a">Sánchez-Romero C (2024) Somaclonal Variation: Basic and Practical Aspects. Springer, Cham</subfield>
   </datafield>
   <datafield ind1="8" ind2=" " tag="024">
      <subfield code="a">https://hdl.handle.net/10630/44981</subfield>
   </datafield>
   <datafield ind1="8" ind2=" " tag="024">
      <subfield code="a">10.1007/978-3-031-51626-9</subfield>
   </datafield>
   <datafield tag="653" ind2=" " ind1=" ">
      <subfield code="a">Biodiversidad - Aspectos genéticos</subfield>
   </datafield>
   <datafield ind2="0" ind1="0" tag="245">
      <subfield code="a">Factors Affecting Tissue Culture-Induced Variations</subfield>
   </datafield>
</record>
</metadata></record></GetRecord></OAI-PMH>